Развитие цифровой образовательной среды как условие непрерывного образования (Запись № 12014419)

Подробности
000 -МАРКЕР
контрольное поле 02149nam0a2200349 4500
001 - ИДЕНТИФИКАТОР ЗАПИСИ
контрольное поле RU\NLR\BIBL_A\012125061
005 - ИДЕНТИФИКАТОР ВЕРСИИ
контрольное поле 20191119153943.0
010 ## - МЕЖДУНАРОДНЫЙ СТАНДАРТНЫЙ НОМЕР КНИГИ (ISBN)
Номер (ISBN) 978-5-98994-086-8
Тираж 500
021 ## - НОМЕР ГОСУДАРСТВЕННОЙ РЕГИСТРАЦИИ
Код страны Российская Федерация
Номер КН-П-19-072821
Номер Листа государственной регистраци КН-П-19-5254
035 ## - ДРУГИЕ СИСТЕМНЫЕ НОМЕРА
Идентификатор записи (NLR Aleph) 012125061
035 ## - ДРУГИЕ СИСТЕМНЫЕ НОМЕРА
Идентификатор записи (RuMoRGB)010105329
100 ## - ДАННЫЕ ОБЩЕЙ ОБРАБОТКИ
Данные общей обработки 20191021d2019 k y0rusy50 ca
101 0# - ЯЗЫК РЕСУРСА
Язык текста, звукозаписи и т.д. русский
102 ## - СТРАНА ПУБЛИКАЦИИ ИЛИ ПРОИЗВОДСТВА
Страна публикации Российская Федерация
105 ## - ПОЛЕ КОДИРОВАННЫХ ДАННЫХ: ТЕКСТОВЫЕ МАТЕРИАЛЫ, МОНОГРАФИЧЕСКИЕ
Кодированные данные о монографическом текстовом документе a|||z|||000zy
200 1# - ЗАГЛАВИЕ И СВЕДЕНИЯ ОБ ОТВЕТСТВЕННОСТИ
Основное заглавие Развитие цифровой образовательной среды как условие непрерывного образования
Сведения, относящиеся к заглавию сборник материалов по итогам конкурсного марафона "Коллаборация образовательных организаций "Школьный Олимп",
Первые сведения об ответственности Комитет по образованию Правительства Санкт-Петербурга, Общество с ограниченной ответственностью "РБС: Консалтинг"
Последующие сведения об ответственности [под редакцией Забалканцевой Е. В. и др.]
210 ## - ПУБЛИКАЦИЯ, РАСПРОСТРАНЕНИЕ И ДР.
Место издания, распространения и т.д. Санкт-Петербург
Имя издателя, распространителя и т. д. Изд-во НУ "Центр стратегических исследований"
Дата издания, распространения и т.д. 2019
215 ## - ФИЗИЧЕСКАЯ ХАРАКТЕРИСТИКА
Размеры 21
225 1# - СЕРИЯ
Основное заглавие серии Школьный Олимп
320 ## - ПРИМЕЧАНИЯ О НАЛИЧИИ В ДОКУМЕНТЕ БИБЛИОГРАФИИ / УКАЗАТЕЛЯ
Текст примечания Библиогр. в конце ст.
606 1# - НАИМЕНОВАНИЕ ТЕМЫ КАК ПРЕДМЕТ
Наименование темы Школьники
Формальный подзаголовок Сборники
Тематический подзаголовок Электронное обучение
Системный номер авторитетной/нормативной записи 2408936
Идентификатор авторитетной/нормативной записи RU\NLR\AUTH\6601654664
686 1# - ИНДЕКСЫ ДРУГИХ КЛАССИФИКАЦИЙ
Индекс Ч421.231.1я43
702 #1 - ИМЯ ЛИЦА - ВТОРИЧНАЯ ОТВЕТСТВЕННОСТЬ
Начальный элемент ввода Забалканцева
Часть имени, кроме начального элемента ввода Е. В.
Расширение инициалов личного имени Елена Валерьевна
Код отношения Редактор
711 12 - НАИМЕНОВАНИЕ ОРГАНИЗАЦИИ - АЛЬТЕРНАТИВНАЯ ОТВЕТСТВЕННОСТЬ
Начальный элемент ввода "Коллаборация образовательных организаций "Школьный Олимп", конкурсный марафон
Место проведения временной организации Санкт-Петербург
Дата проведения временной организации 2019
Системный номер авторитетной/нормативной записи 683692
Идентификатор авторитетной/нормативной записи RU\NLR\AUTH\880511565
712 01 - НАИМЕНОВАНИЕ ОРГАНИЗАЦИИ - ВТОРИЧНАЯ ОТВЕТСТВЕННОСТЬ
Код отношения Прочие
Начальный элемент ввода Санкт-Петербург
Структурное подразделение Комитет по образованию
Системный номер авторитетной/нормативной записи 620810
Идентификатор авторитетной/нормативной записи RU\NLR\AUTH\8810059751
942 ## - ДОПОЛНИТЕЛЬНЫЕ ЭЛЕМЕНТЫ ЗАПИСИ (АБИС)
Тип экземпляра АБИС Книга
980 ## - КОЛЛЕКЦИЯ
Название коллекции НБР
980 ## - КОЛЛЕКЦИЯ
Название коллекции Национальная библиография

Нет доступных экземпляров.